00309nam a2200121Ia 4500008004100000041000800041082001200049100002600061245002200087260003500109300003200144365001100176240624s9999 xx 000 0 und d aeng a823 STO aSTOWE HARRIET BEECHER aUNCLE TOM S CABIN c2011aNew DelhibHarperCollins aviii, : 594 : p. : cm. ; 18 cRSb25